01504nam a2200445 i 450000100060000000300090000600500170001500800390003201500150007102000150008604000280010104100080012904600090013708000130014608000100015908000090016924501520017826000330033030000280036333600270039133700540041833800280047238000160050038000230051638800140053938800140055349000270056750001060059450400230070065000100072365000160073365000180074965500170076765800300078470000320081470000460084683000260089285600980091885600420101634656KOSZ 00520200103123452.0001124s1999 pl a f |001 0 pol aPB 2001/46 a8385428399 aWA NcWA NdKOSZ 005/HR0 apol k1999 a331.1/.2 a005.1 a(07)00aZarządzanie pracą :borganizowanie, planowanie, motywowanie, kontrola /cpod red. Zdzisława Jasińskiego ; [aut. Barcewicz Mirosław et al.]. aWarszawa :b"Placet",c1999. a272 s. :bil. ;c24 cm. 2rdacontentaTekstbtxt 2rdamediaaBez urządzenia pośredniczącegobn 2rdacarrieraWoluminbnc aKsiążki aPublikacje fachowe a1901-2000 a1989-20001 aBiblioteka Biznesmena. aNa okł. podtyt.: przedsiębiorstwo jako system pracy : rola kierowników w osiąganiu sukcesów. aBibligr. - Indeks. 4aPraca 4aOrganizacja 4aZarządzanie 4aPodręcznik aZarządzanie i marketing1 aBarcewicz, MirosławeAutor1 aJasiński, Zdzisławd(1947- )eRedakcja 0aBiblioteka Biznesmena uhttp://koha.tu.koszalin.pl/cgi-bin/koha/opac-detail.pl?biblionumber=34656yKatalog online BPK uhttp://libra.ibuk.pl/book/69022yIBUK